| 000 | 01639nam0a22003011 4500 | ||
|---|---|---|---|
| 001 | v19\rc\1639310 | ||
| 005 | 20260405194950.0 | ||
| 035 | _a(NLR Aleph) 005240429 | ||
| 090 |
_a5698498 _c5698498 |
||
| 100 | _a20061002e19001900|||y0rusy50 ca | ||
| 101 | 0 | _arus | |
| 102 | _aRU | ||
| 105 | _ay d ||||| | ||
| 200 | 1 |
_aВерховный кассационный суд во Франции и в России _e[Реф., прочит. на заседании 15 февр.] _fН.В. Рейнгардт |
|
| 210 |
_aКазань _cтипо-лит. Ун-та _d1900 |
||
| 215 |
_a[2], 23 с. _d25 |
||
| 311 | _aОтд. отт. из "Тр. Юрид. о-ва" | ||
| 311 | _aПриложение ..., 1900.-Без тит. л. и обл..-Печатано по определению Юрид. о-ва при имп. Казанском ун-те (шифр: 20.59.4.357) | ||
| 421 | 0 |
_11010#$arus _12001#$aПриложение ... _1210##$d1900 _1215##$a[3] с. _1300##$aБез тит. л. и обл. _1300##$aПечатано по определению Юрид. о-ва при имп. Казанском ун-те _1899##$aNLR$j20.59.4.357 _tПриложение ... |
|
| 488 | 0 |
_12001#$aТруды Юридического общества _tТруды Юридического общества |
|
| 700 | 1 |
_8rus _7ca _aРейнгардт _bН. В. _f1842- _gНиколай Викторович _3RU\NLR\AUTH\7786669 _969597 |
|
| 801 | 0 |
_aRU _bNLR _c20061002 _gpsbo |
|
| 801 | 0 |
_aRU _bRuMoRGB _c20061002 _2psbo |
|
| 801 | 1 |
_aRU _bProSoft-M _c20061002 _2rusmarc |
|
| 801 | 2 |
_aRU _bNLR _c20100428 _2rusmarc |
|
| 852 |
_aNLR _j20.58.3.375 |
||
| 942 | _cBOOK | ||
| 980 | _aNB | ||